| 000 | 00366nam a2200169Ia 4500 | ||
|---|---|---|---|
| 100 | _aKOGENT | ||
| 650 | _aWeb technologies | ||
| 942 | _cBK | ||
| 366 | _f20 | ||
| 654 | _aweb technologies | ||
| 245 | _aWeb technologies:Black Book | ||
| 260 |
_bDreamtech Press _c2016 |
||
| 082 |
_a5.133 _bKOG |
||
| 300 | _a1354 | ||
| 546 |
_aENGLISH _cComputers |
||
| 999 |
_c24855 _d24855 |
||